[Event "New Zealand Championship 2023"]
[Site "Wellington"]
[Date "2023.01.09"]
[Round "8.9"]
[White "Tang, Hao"]
[Black "Liu, William Rui"]
[Result "1-0"]
[WhiteElo "2133"]
[BlackElo "1908"]

1. d4 {[%clk 01:30:58] [%emt 00:00:01]} 1... Nf6 {[%clk 01:30:52] [%emt
00:00:09]} 2. Nf3 {[%clk 01:31:24] [%emt 00:00:04]} 2... e6 {[%clk 01:31:12]
[%emt 00:00:10]} 3. c4 {[%clk 01:31:50] [%emt 00:00:04]} 3... d5 {[%clk
01:31:31] [%emt 00:00:11]} 4. Nc3 {[%clk 01:32:15] [%emt 00:00:05]} 4... Bb4
{[%clk 01:31:47] [%emt 00:00:14]} 5. cxd5 {[%clk 01:32:35] [%emt 00:00:10]}
5... exd5 {[%clk 01:32:01] [%emt 00:00:16]} 6. Qa4+ {[%clk 01:32:57] [%emt
00:00:08]} 6... Nc6 {[%clk 01:32:23] [%emt 00:00:07]} 7. Bg5 {[%clk 01:33:23]
[%emt 00:00:04]} 7... h6 {[%clk 01:32:36] [%emt 00:00:18]} 8. Bxf6 {[%clk
01:33:45] [%emt 00:00:07]} 8... Qxf6 {[%clk 01:33:00] [%emt 00:00:05]} 9. e3
{[%clk 01:34:09] [%emt 00:00:05]} 9... O-O {[%clk 01:33:04] [%emt 00:00:27]}
10. Be2 {[%clk 01:34:33] [%emt 00:00:05]} 10... Be6 {[%clk 01:32:33] [%emt
00:01:02]} 11. O-O {[%clk 01:34:43] [%emt 00:00:19]} 11... a6 {[%clk 01:32:56]
[%emt 00:00:08]} 12. Rfc1 {[%clk 01:34:25] [%emt 00:00:48]} 12... Bd6 {[%clk
01:33:01] [%emt 00:00:25]} 13. a3 {[%clk 01:31:37] [%emt 00:03:18]} 13... Ne7
{[%clk 01:32:16] [%emt 00:01:15]} 14. b4 {[%clk 01:31:37] [%emt 00:00:29]}
14... g5 {[%clk 01:32:05] [%emt 00:00:41]} 15. Qd1 {[%clk 01:24:51] [%emt
00:07:15]} 15... Ng6 {[%clk 01:28:09] [%emt 00:04:26]} 16. Ne1 {[%clk 01:24:09]
[%emt 00:01:12]} 16... Qg7 {[%clk 01:21:40] [%emt 00:07:00]} 17. b5 {[%clk
01:23:14] [%emt 00:01:25]} 17... a5 {[%clk 01:21:07] [%emt 00:01:04]} 18. Bf3
{[%clk 01:19:37] [%emt 00:04:06]} 18... Ne7 {[%clk 01:16:56] [%emt 00:04:41]}
19. Nd3 {[%clk 01:16:56] [%emt 00:03:10]} 19... g4 {[%clk 01:11:13] [%emt
00:06:15]} 20. Be2 {[%clk 01:17:00] [%emt 00:00:26]} 20... h5 {[%clk 01:09:50]
[%emt 00:01:53]} 21. Bf1 {[%clk 01:16:06] [%emt 00:01:22]} 21... Nf5 {[%clk
01:06:06] [%emt 00:04:16]} 22. Ne2 {[%clk 01:14:16] [%emt 00:02:20]} 22... Qg5
{[%clk 01:03:51] [%emt 00:02:45]} 23. Nef4 {[%clk 01:12:41] [%emt 00:02:05]}
23... Nxd4 {[%clk 01:00:16] [%emt 00:04:05]} 24. exd4 {[%clk 00:54:18] [%emt
00:18:53]} 24... Bxf4 {[%clk 01:00:27] [%emt 00:00:23]} 25. Nxf4 {[%clk
00:51:27] [%emt 00:03:16]} 25... Qxf4 {[%clk 01:00:52] [%emt 00:00:05]} 26. g3
{[%clk 00:51:42] [%emt 00:00:15]} 26... Qd6 {[%clk 01:00:57] [%emt 00:00:26]}
27. Qd2 {[%clk 00:50:56] [%emt 00:01:16]} 27... Bf5 {[%clk 00:58:34] [%emt
00:02:52]} 28. Qg5+ {[%clk 00:48:12] [%emt 00:03:14]} 28... Bg6 {[%clk
00:58:24] [%emt 00:00:41]} 29. Rc5 {[%clk 00:47:50] [%emt 00:00:52]} 29... c6
{[%clk 00:52:26] [%emt 00:06:27]} 30. bxc6 {[%clk 00:46:54] [%emt 00:01:27]}
30... bxc6 {[%clk 00:52:25] [%emt 00:00:31]} 31. Rac1 {[%clk 00:47:00] [%emt
00:00:21]} 31... Qd8 {[%clk 00:38:16] [%emt 00:14:43]} 32. Qh6 {[%clk 00:44:46]
[%emt 00:02:43]} 32... Qf6 {[%clk 00:33:08] [%emt 00:05:39]} 33. Rxc6 {[%clk
00:36:37] [%emt 00:08:40]} 33... Qxd4 {[%clk 00:27:37] [%emt 00:06:00]} 34.
Rxg6+ {[%clk 00:36:21] [%emt 00:00:46]} 34... fxg6 {[%clk 00:27:55] [%emt
00:00:12]} 35. Qxg6+ {[%clk 00:36:38] [%emt 00:00:13]} 35... Qg7 {[%clk
00:27:44] [%emt 00:00:40]} 36. Qxh5 {[%clk 00:36:19] [%emt 00:00:49]} 36...
Rad8 {[%clk 00:22:57] [%emt 00:05:18]} 37. Rd1 {[%clk 00:27:36] [%emt
00:09:08]} 37... Qf7 {[%clk 00:10:29] [%emt 00:13:02]} 38. Qxg4+ {[%clk
00:26:47] [%emt 00:01:18]} 38... Qg7 {[%clk 00:10:51] [%emt 00:00:08]} 39. Qe6+
{[%clk 00:26:32] [%emt 00:00:45]} 39... Qf7 {[%clk 00:11:11] [%emt 00:00:10]}
40. Qe3 {[%clk 00:56:33] [%emt 00:00:29]} 40... Qg7 {[%clk 00:38:33] [%emt
00:03:09]} 41. Rd4 {[%clk 00:50:10] [%emt 00:06:53]} 41... Rfe8 {[%clk
00:28:29] [%emt 00:10:34]} 42. Qd2 {[%clk 00:50:13] [%emt 00:00:27]} 42... Re5
{[%clk 00:22:53] [%emt 00:06:05]} 43. h3 {[%clk 00:43:29] [%emt 00:07:12]}
43... Rg5 {[%clk 00:17:47] [%emt 00:05:38]} 44. Bg2 {[%clk 00:42:02] [%emt
00:01:55]} 44... Qf6 {[%clk 00:14:17] [%emt 00:04:02]} 45. h4 {[%clk 00:28:50]
[%emt 00:13:37]} 45... Rg7 {[%clk 00:09:39] [%emt 00:05:14]} 46. Qxa5 {[%clk
00:22:01] [%emt 00:07:18]} 46... Rgd7 {[%clk 00:03:52] [%emt 00:06:18]} 47. Qd2
{[%clk 00:19:57] [%emt 00:02:34]} 47... Qe5 {[%clk 00:02:45] [%emt 00:01:38]}
48. Rg4+ {[%clk 00:17:08] [%emt 00:03:17]} 48... Rg7 {[%clk 00:02:52] [%emt
00:00:24]} 49. Rd4 {[%clk 00:17:09] [%emt 00:00:29]} 49... Rgd7 {[%clk
00:02:57] [%emt 00:00:25]} 50. a4 {[%clk 00:17:29] [%emt 00:00:11]} 50... Rd6
{[%clk 00:02:20] [%emt 00:01:07]} 51. a5 {[%clk 00:17:23] [%emt 00:00:35]}
51... R8d7 {[%clk 00:02:17] [%emt 00:00:34]} 52. Bf1 {[%clk 00:14:23] [%emt
00:03:27]} 52... Qe6 {[%clk 00:01:13] [%emt 00:01:36]} 53. a6 {[%clk 00:14:27]
[%emt 00:00:27]} 53... Ra7 {[%clk 00:00:54] [%emt 00:00:51]} 54. Qb4 {[%clk
00:12:03] [%emt 00:02:49]} 54... Raxa6 {[%clk 00:00:31] [%emt 00:00:57]} 55.
Bxa6 {[%clk 00:11:04] [%emt 00:01:29]} 55... Rxa6 {[%clk 00:00:58] [%emt
00:00:03]} 56. Qb8+ {[%clk 00:11:07] [%emt 00:00:27]} 56... Kg7 {[%clk
00:00:37] [%emt 00:00:51]} 57. Qb7+ {[%clk 00:10:53] [%emt 00:00:43]} 57... Kf6
{[%clk 00:00:31] [%emt 00:00:37]} 58. Qxd5 {[%clk 00:09:40] [%emt 00:01:43]}
58... Qxd5 {[%clk 00:00:31] [%emt 00:00:31]} 59. Rxd5 {[%clk 00:09:21] [%emt
00:00:49]} 1-0

[Event "New Zealand Championship 2023"]
[Site "Wellington"]
[Date "2023.01.09"]
[Round "8.10"]
[White "McLaren, Leonard J"]
[Black "Langford, Joshua"]
[Result "1-0"]
[WhiteElo "2265"]
[BlackElo "2163"]

1. e4 {[%clk 01:20:26] [%emt 00:10:34]} 1... c6 {[%clk 01:30:51] [%emt
00:00:09]} 2. d4 {[%clk 01:20:43] [%emt 00:00:12]} 2... d5 {[%clk 01:31:18]
[%emt 00:00:03]} 3. e5 {[%clk 01:21:08] [%emt 00:00:06]} 3... c5 {[%clk
01:31:46] [%emt 00:00:02]} 4. dxc5 {[%clk 01:21:31] [%emt 00:00:06]} 4... e6
{[%clk 01:32:12] [%emt 00:00:04]} 5. a3 {[%clk 01:21:52] [%emt 00:00:10]} 5...
Bxc5 {[%clk 01:32:12] [%emt 00:00:30]} 6. b4 {[%clk 01:21:14] [%emt 00:01:07]}
6... Be7 {[%clk 01:32:39] [%emt 00:00:04]} 7. Nf3 {[%clk 01:20:30] [%emt
00:01:14]} 7... f6 {[%clk 01:32:59] [%emt 00:00:11]} 8. Bb2 {[%clk 01:19:20]
[%emt 00:01:39]} 8... a5 {[%clk 01:32:58] [%emt 00:00:32]} 9. b5 {[%clk
01:17:48] [%emt 00:02:02]} 9... Nd7 {[%clk 01:33:19] [%emt 00:00:08]} 10. Bd3
{[%clk 01:14:25] [%emt 00:03:53]} 10... Nh6 {[%clk 01:32:55] [%emt 00:00:55]}
11. c4 {[%clk 01:11:18] [%emt 00:03:36]} 11... Nc5 {[%clk 01:28:07] [%emt
00:05:18]} 12. O-O {[%clk 01:09:59] [%emt 00:01:49]} 12... Nxd3 {[%clk
01:26:12] [%emt 00:02:26]} 13. Qxd3 {[%clk 01:10:23] [%emt 00:00:05]} 13... O-O
{[%clk 01:25:00] [%emt 00:01:42]} 14. Nc3 {[%clk 01:09:10] [%emt 00:01:42]}
14... dxc4 {[%clk 01:19:56] [%emt 00:05:34]} 15. Qxc4 {[%clk 01:08:51] [%emt
00:00:48]} 15... f5 {[%clk 01:15:15] [%emt 00:05:12]} 16. Rfd1 {[%clk 01:03:22]
[%emt 00:05:59]} 16... Qe8 {[%clk 01:14:35] [%emt 00:01:11]} 17. Na4 {[%clk
00:57:34] [%emt 00:06:18]} 17... Bd8 {[%clk 01:02:39] [%emt 00:12:25]} 18. Nc5
{[%clk 00:54:13] [%emt 00:03:51]} 18... b6 {[%clk 01:00:09] [%emt 00:03:00]}
19. Nd3 {[%clk 00:53:12] [%emt 00:01:30]} 19... g5 {[%clk 00:56:09] [%emt
00:04:30]} 20. Nd4 {[%clk 00:50:50] [%emt 00:02:53]} 20... Qg6 {[%clk 00:49:53]
[%emt 00:06:45]} 21. Nc6 {[%clk 00:43:22] [%emt 00:07:59]} 21... Bb7 {[%clk
00:43:02] [%emt 00:07:22]} 22. Ne1 {[%clk 00:40:31] [%emt 00:03:20]} 22... Bxc6
{[%clk 00:37:38] [%emt 00:05:55]} 23. Qxc6 {[%clk 00:36:37] [%emt 00:04:22]}
23... Ra7 {[%clk 00:37:33] [%emt 00:00:36]} 24. Rac1 {[%clk 00:29:19] [%emt
00:07:48]} 24... Rc7 {[%clk 00:32:51] [%emt 00:05:12]} 25. Rxd8 {[%clk
00:28:34] [%emt 00:01:15]} 25... Rxc6 {[%clk 00:32:33] [%emt 00:00:48]} 26.
Rxf8+ {[%clk 00:28:58] [%emt 00:00:05]} 26... Kxf8 {[%clk 00:33:02] [%emt
00:00:01]} 27. bxc6 {[%clk 00:29:19] [%emt 00:00:09]} 27... Qe8 {[%clk
00:30:33] [%emt 00:02:59]} 28. c7 {[%clk 00:29:42] [%emt 00:00:07]} 28... Qc8
{[%clk 00:31:00] [%emt 00:00:04]} 29. Nf3 {[%clk 00:28:54] [%emt 00:01:17]}
29... Ng8 {[%clk 00:30:48] [%emt 00:00:43]} 30. a4 {[%clk 00:27:01] [%emt
00:02:23]} 30... h6 {[%clk 00:28:43] [%emt 00:02:34]} 31. Nd4 {[%clk 00:25:58]
[%emt 00:01:33]} 31... Ne7 {[%clk 00:27:55] [%emt 00:01:19]} 32. Ba3 {[%clk
00:26:13] [%emt 00:00:15]} 32... Ke8 {[%clk 00:27:29] [%emt 00:00:56]} 33. Bxe7
{[%clk 00:26:35] [%emt 00:00:07]} 33... Kxe7 {[%clk 00:27:53] [%emt 00:00:06]}
34. Nb5 {[%clk 00:25:57] [%emt 00:01:08]} 1-0

[Event "New Zealand Championship 2023"]
[Site "Wellington"]
[Date "2023.01.09"]
[Round "8.11"]
[White "Archer, Ollie"]
[Black "Xing, Zerui"]
[Result "1/2-1/2"]
[WhiteElo "2151"]
[BlackElo "1596"]

1. d4 {[%clk 01:30:57] [%emt 00:00:03]} 1... Nf6 {[%clk 01:30:33] [%emt
00:00:28]} 2. c4 {[%clk 01:31:19] [%emt 00:00:07]} 2... e6 {[%clk 01:30:56]
[%emt 00:00:07]} 3. Nc3 {[%clk 01:31:43] [%emt 00:00:06]} 3... d5 {[%clk
01:31:16] [%emt 00:00:10]} 4. cxd5 {[%clk 01:32:07] [%emt 00:00:06]} 4... exd5
{[%clk 01:31:40] [%emt 00:00:06]} 5. Bg5 {[%clk 01:32:31] [%emt 00:00:05]} 5...
Bb4 {[%clk 01:30:38] [%emt 00:01:33]} 6. e3 {[%clk 01:32:51] [%emt 00:00:10]}
6... O-O {[%clk 01:30:30] [%emt 00:00:38]} 7. Bd3 {[%clk 01:33:09] [%emt
00:00:12]} 7... c6 {[%clk 01:28:30] [%emt 00:02:30]} 8. Qc2 {[%clk 01:33:16]
[%emt 00:00:23]} 8... h6 {[%clk 01:28:14] [%emt 00:00:46]} 9. Bh4 {[%clk
01:33:40] [%emt 00:00:05]} 9... Be6 {[%clk 01:27:16] [%emt 00:01:29]} 10. Ne2
{[%clk 01:33:51] [%emt 00:00:20]} 10... Nbd7 {[%clk 01:26:53] [%emt 00:00:54]}
11. O-O {[%clk 01:34:01] [%emt 00:00:19]} 11... Rc8 {[%clk 01:25:50] [%emt
00:01:33]} 12. a3 {[%clk 01:30:44] [%emt 00:03:47]} 12... Bxc3 {[%clk 01:23:57]
[%emt 00:02:23]} 13. Nxc3 {[%clk 01:31:00] [%emt 00:00:14]} 13... Qe7 {[%clk
01:20:58] [%emt 00:03:29]} 14. b4 {[%clk 01:30:56] [%emt 00:00:34]} 14... b6
{[%clk 01:16:59] [%emt 00:04:30]} 15. Ba6 {[%clk 01:28:49] [%emt 00:02:37]}
15... Rcd8 {[%clk 01:17:01] [%emt 00:00:28]} 16. Rfc1 {[%clk 01:09:29] [%emt
00:19:48]} 16... c5 {[%clk 01:13:06] [%emt 00:04:25]} 17. bxc5 {[%clk 01:09:37]
[%emt 00:00:22]} 17... bxc5 {[%clk 01:13:27] [%emt 00:00:09]} 18. Na4 {[%clk
01:09:24] [%emt 00:00:43]} 18... cxd4 {[%clk 01:11:02] [%emt 00:02:55]} 19.
exd4 {[%clk 01:09:48] [%emt 00:00:06]} 19... Qd6 {[%clk 01:10:57] [%emt
00:00:35]} 20. Be2 {[%clk 01:08:46] [%emt 00:01:31]} 20... Qf4 {[%clk 01:09:30]
[%emt 00:01:58]} 21. Bxf6 {[%clk 01:00:13] [%emt 00:09:02]} 21... Nxf6 {[%clk
01:09:31] [%emt 00:00:29]} 22. Qd1 {[%clk 00:59:36] [%emt 00:01:07]} 22... Ne4
{[%clk 01:08:49] [%emt 00:01:12]} 23. Bf3 {[%clk 00:59:23] [%emt 00:00:43]}
23... f5 {[%clk 01:04:22] [%emt 00:04:57]} 24. Nc5 {[%clk 00:57:33] [%emt
00:02:19]} 24... Bf7 {[%clk 01:02:29] [%emt 00:02:23]} 25. Nd3 {[%clk 00:55:37]
[%emt 00:02:26]} 25... Qh4 {[%clk 01:00:34] [%emt 00:02:24]} 26. Rc7 {[%clk
00:55:04] [%emt 00:01:04]} 26... Rc8 {[%clk 00:59:20] [%emt 00:01:44]} 27. Rxa7
{[%clk 00:54:04] [%emt 00:01:29]} 27... Nc3 {[%clk 00:59:41] [%emt 00:00:10]}
28. Qf1 {[%clk 00:52:56] [%emt 00:01:37]} 28... Qxd4 {[%clk 00:59:43] [%emt
00:00:28]} 29. Rb7 {[%clk 00:52:31] [%emt 00:00:55]} 29... Ne4 {[%clk 00:58:40]
[%emt 00:01:34]} 30. Rb4 {[%clk 00:51:33] [%emt 00:01:28]} 30... Qc3 {[%clk
00:57:30] [%emt 00:01:40]} 31. Nb2 {[%clk 00:48:42] [%emt 00:03:20]} 31... Rfe8
{[%emt 00:10:48]} 32. Qd3 {[%clk 00:47:49]} 32... Nd2 {[%clk 00:43:15] [%emt
00:05:50]} 33. h3 {[%clk 00:39:43] [%emt 00:08:36]} 33... Qxd3 {[%clk 00:43:20]
[%emt 00:00:26]} 34. Nxd3 {[%clk 00:40:07] [%emt 00:00:16]} 34... Rc3 {[%clk
00:43:34] [%emt 00:00:06]} 35. Ne1 {[%clk 00:39:49] [%emt 00:00:47]} 35... Rxa3
{[%clk 00:39:38] [%emt 00:04:27]} 36. Rxa3 {[%clk 00:38:33] [%emt 00:01:46]}
36... Rxe1+ {[%clk 00:40:05] [%emt 00:00:03]} 37. Kh2 {[%clk 00:38:57] [%emt
00:00:06]} 37... Nf1+ {[%clk 00:40:29] [%emt 00:00:07]} 38. Kg1 {[%clk
00:39:22] [%emt 00:00:03]} 38... Ng3+ {[%clk 00:40:52] [%emt 00:00:07]} 39. Kh2
{[%clk 00:39:46] [%emt 00:00:05]} 39... Nf1+ {[%clk 00:41:18] [%emt 00:00:04]}
1/2-1/2

[Event "New Zealand Championship 2023"]
[Site "Wellington"]
[Date "2023.01.09"]
[Round "8.12"]
[White "Sole, Michael D"]
[Black "Zhang, Kendrick Botong"]
[Result "1-0"]
[WhiteElo "2142"]
[BlackElo "2071"]

1. e4 {[%clk 01:30:11] [%emt 00:00:48]} 1... c5 {[%emt 00:00:27]} 2. Nf3 {[%clk
01:30:18] [%emt 00:00:05]} 2... e6 {[%clk 01:31:15] [%emt 00:00:06]} 3. d4
{[%clk 01:30:33] [%emt 00:00:16]} 3... cxd4 {[%clk 01:31:39] [%emt 00:00:06]}
4. Nxd4 {[%clk 01:30:54] [%emt 00:00:09]} 4... Nc6 {[%clk 01:32:04] [%emt
00:00:05]} 5. Nc3 {[%clk 01:30:54] [%emt 00:00:30]} 5... Qc7 {[%clk 01:32:26]
[%emt 00:00:07]} 6. Be3 {[%clk 01:31:10] [%emt 00:00:15]} 6... a6 {[%clk
01:32:49] [%emt 00:00:08]} 7. g4 {[%clk 01:30:51] [%emt 00:00:48]} 7... Bb4
{[%clk 01:15:14] [%emt 00:18:05]} 8. Nxc6 {[%clk 01:30:33] [%emt 00:00:49]}
8... Bxc3+ {[%clk 01:05:16] [%emt 00:10:28]} 9. bxc3 {[%clk 01:30:44] [%emt
00:00:20]} 9... bxc6 {[%clk 01:04:55] [%emt 00:00:50]} 10. Qd2 {[%clk 01:19:25]
[%emt 00:11:50]} 10... Nf6 {[%clk 00:58:23] [%emt 00:07:01]} 11. g5 {[%clk
01:12:05] [%emt 00:07:51]} 11... Ng4 {[%clk 00:42:41] [%emt 00:16:12]} 12. Bf4
{[%clk 01:07:51] [%emt 00:04:43]} 12... Ne5 {[%clk 00:36:33] [%emt 00:06:39]}
13. Be2 {[%clk 01:06:43] [%emt 00:01:43]} 13... d6 {[%clk 00:30:04] [%emt
00:06:53]} 14. Rd1 {[%clk 01:04:19] [%emt 00:02:55]} 14... Ke7 {[%clk 00:29:49]
[%emt 00:00:45]} 15. Bg3 {[%clk 01:02:11] [%emt 00:02:38]} 15... Rd8 {[%clk
00:21:43] [%emt 00:08:35]} 16. f4 {[%clk 00:56:58] [%emt 00:05:43]} 16... Ng6
{[%clk 00:21:59] [%emt 00:00:14]} 17. O-O {[%clk 00:53:53] [%emt 00:03:36]}
17... Bb7 {[%clk 00:21:02] [%emt 00:01:27]} 18. f5 {[%clk 00:43:57] [%emt
00:10:26]} 18... exf5 {[%clk 00:21:15] [%emt 00:00:17]} 19. exf5 {[%clk
00:43:03] [%emt 00:01:32]} 19... Ne5 {[%clk 00:21:37]} 20. f6+ {[%clk 00:39:37]
[%emt 00:03:55]} 20... Kf8 {[%clk 00:21:59] [%emt 00:00:08]} 21. Qf4 {[%clk
00:36:42] [%emt 00:03:25]} 21... Qb6+ {[%clk 00:12:42] [%emt 00:09:47]} 22. Rf2
{[%clk 00:34:06] [%emt 00:03:06]} 22... c5 {[%clk 00:09:42] [%emt 00:03:31]}
23. fxg7+ {[%clk 00:31:50] [%emt 00:02:46]} 23... Kg8 {[%clk 00:09:35] [%emt
00:00:41]} 24. g6 {[%clk 00:25:48] [%emt 00:06:27]} 24... fxg6 {[%clk 00:01:07]
[%emt 00:08:58]} 25. Bg4 {[%clk 00:24:54] [%emt 00:01:25]} 25... Re8 {[%clk
00:00:40] [%emt 00:00:59]} 26. Be6+ {[%clk 00:24:38] [%emt 00:00:44]} 26...
Kxg7 {[%clk 00:00:50] [%emt 00:00:20]} 27. Qf6+ {[%clk 00:24:50] [%emt
00:00:18]} 27... Kh6 {[%clk 00:01:16] [%emt 00:00:05]} 28. Bf4+ {[%clk
00:25:02] [%emt 00:00:17]} 28... Kh5 {[%clk 00:01:40] [%emt 00:00:07]} 29. Qg5#
{[%clk 00:25:08] [%emt 00:00:24]} 1-0

[Event "New Zealand Championship 2023"]
[Site "Wellington"]
[Date "2023.01.09"]
[Round "8.13"]
[White "Thomas, Ben"]
[Black "Wang, Justin Zhide"]
[Result "0-1"]
[WhiteElo "2200"]
[BlackElo "1875"]

1. e4 {[%clk 01:30:56] [%emt 00:00:03]} 1... e6 {[%clk 01:30:56] [%emt
00:00:04]} 2. Nf3 {[%clk 01:31:22] [%emt 00:00:04]} 2... d5 {[%clk 01:31:23]
[%emt 00:00:03]} 3. Nc3 {[%clk 01:31:48] [%emt 00:00:07]} 3... Nf6 {[%clk
01:31:44] [%emt 00:00:06]} 4. e5 {[%clk 01:32:11] [%emt 00:00:07]} 4... Nfd7
{[%clk 01:32:11] [%emt 00:00:03]} 5. d4 {[%clk 01:32:36] [%emt 00:00:05]} 5...
c5 {[%clk 01:32:40] [%emt 00:00:02]} 6. dxc5 {[%clk 01:32:57] [%emt 00:00:08]}
6... Nxc5 {[%clk 01:32:48] [%emt 00:00:22]} 7. Be2 {[%clk 01:24:56] [%emt
00:08:31]} 7... Nc6 {[%clk 01:32:58] [%emt 00:00:21]} 8. O-O {[%clk 01:24:26]
[%emt 00:01:00]} 8... a6 {[%clk 01:33:07] [%emt 00:00:21]} 9. Bf4 {[%clk
01:20:49] [%emt 00:04:06]} 9... Be7 {[%clk 01:33:15] [%emt 00:00:23]} 10. a3
{[%clk 01:20:51] [%emt 00:00:28]} 10... Qc7 {[%clk 01:30:03] [%emt 00:03:41]}
11. Re1 {[%clk 01:20:16] [%emt 00:01:05]} 11... b5 {[%clk 01:30:01] [%emt
00:00:33]} 12. Nd4 {[%clk 01:17:28] [%emt 00:03:18]} 12... Bb7 {[%clk 01:25:15]
[%emt 00:05:15]} 13. Bg3 {[%clk 01:09:24] [%emt 00:08:34]} 13... Qb6 {[%clk
01:15:18] [%emt 00:10:28]} 14. Bg4 {[%emt 00:09:08]} 14... h5 {[%clk 01:12:06]}
15. Be2 {[%clk 00:45:39] [%emt 00:19:17]} 15... g6 {[%clk 01:11:59] [%emt
00:00:38]} 16. Kh1 {[%clk 00:44:19] [%emt 00:01:50]} 16... Nxd4 {[%clk
01:11:35] [%emt 00:00:54]} 17. Qxd4 {[%clk 00:44:46] [%emt 00:00:02]} 17... Na4
{[%clk 01:11:56] [%emt 00:00:09]} 18. Qxb6 {[%clk 00:41:39] [%emt 00:03:37]}
18... Nxb6 {[%clk 01:12:20] [%emt 00:00:07]} 19. f4 {[%clk 00:41:42] [%emt
00:00:26]} 19... Bc5 {[%clk 01:12:16] [%emt 00:00:34]} 20. Bh4 {[%emt
00:04:47]} 20... Be7 {[%clk 01:09:53]} 21. Bf2 {[%clk 00:40:34] [%emt
00:00:13]} 21... Nd7 {[%clk 01:09:41] [%emt 00:00:43]} 22. Na2 {[%clk 00:37:05]
[%emt 00:03:59]} 22... Bc5 {[%clk 01:10:03] [%emt 00:00:08]} 23. Bh4 {[%clk
00:37:20] [%emt 00:00:14]} 23... Be7 {[%clk 01:10:29] [%emt 00:00:05]} 24. Bxe7
{[%clk 00:34:01] [%emt 00:03:49]} 24... Kxe7 {[%clk 01:10:52] [%emt 00:00:07]}
25. a4 {[%clk 00:34:18] [%emt 00:00:13]} 25... Rhc8 {[%clk 01:06:37] [%emt
00:04:45]} 26. axb5 {[%clk 00:29:57] [%emt 00:04:51]} 26... axb5 {[%clk
01:07:02] [%emt 00:00:05]} 27. Nb4 {[%clk 00:30:04] [%emt 00:00:23]} 27... Ra4
{[%clk 01:02:51] [%emt 00:04:41]} 28. c3 {[%clk 00:28:23] [%emt 00:02:11]}
28... Rca8 {[%clk 01:03:04] [%emt 00:00:17]} 29. Rxa4 {[%clk 00:23:12] [%emt
00:05:39]} 29... bxa4 {[%clk 01:03:26] [%emt 00:00:09]} 30. Bb5 {[%clk
00:23:29] [%emt 00:00:13]} 30... a3 {[%clk 01:00:31] [%emt 00:03:25]} 31. bxa3
{[%clk 00:17:55] [%emt 00:06:03]} 31... Rxa3 {[%clk 01:00:55] [%emt 00:00:07]}
32. Bxd7 {[%clk 00:18:19] [%emt 00:00:05]} 32... Kxd7 {[%clk 01:01:13] [%emt
00:00:12]} 33. Rc1 {[%clk 00:18:33] [%emt 00:00:16]} 33... Ba6 {[%clk 01:01:22]
[%emt 00:00:21]} 34. Kg1 {[%clk 00:18:03] [%emt 00:01:00]} 34... Bc4 {[%clk
01:01:07] [%emt 00:00:46]} 35. Kf2 {[%clk 00:18:12] [%emt 00:00:20]} 35... Kc7
{[%clk 01:01:25] [%emt 00:00:10]} 36. Kg3 {[%clk 00:17:46] [%emt 00:00:57]}
36... d4 {[%clk 01:00:44] [%emt 00:01:11]} 37. Kh4 {[%clk 00:18:11] [%emt
00:00:06]} 37... Rxc3 {[%clk 01:01:01] [%emt 00:00:14]} 38. Rd1 {[%clk
00:18:01] [%emt 00:00:38]} 38... d3 {[%clk 01:00:59] [%emt 00:00:31]} 39. Kg5
{[%clk 00:18:26] [%emt 00:00:06]} 39... Rb3 {[%clk 01:01:18] [%emt 00:00:11]}
40. Na2 {[%clk 00:45:32] [%emt 00:03:24]} 40... Rb2 {[%clk 01:30:09] [%emt
00:01:39]} 41. Rc1 {[%clk 00:45:55] [%emt 00:00:06]} 41... Rc2 {[%clk 01:27:37]
[%emt 00:03:02]} 42. Rxc2 {[%clk 00:46:11] [%emt 00:00:14]} 42... dxc2 {[%clk
01:28:02] [%emt 00:00:06]} 43. Nc1 {[%clk 00:46:36] [%emt 00:00:04]} 43... Bd5
{[%clk 01:28:29] [%emt 00:00:04]} 44. Kf6 {[%clk 00:46:47] [%emt 00:00:18]}
44... Be4 {[%clk 01:28:52] [%emt 00:00:07]} 45. Kxf7 {[%clk 00:45:10] [%emt
00:02:06]} 45... Bf5 {[%clk 01:29:19] [%emt 00:00:03]} 46. Kf6 {[%clk 00:45:29]
[%emt 00:00:10]} 46... Kc6 {[%clk 01:29:32] [%emt 00:00:17]} 47. Kg5 {[%clk
00:45:50] [%emt 00:00:09]} 47... Be4 {[%clk 01:28:49] [%emt 00:01:13]} 48. g3
{[%clk 00:45:14] [%emt 00:01:09]} 48... Bf5 {[%clk 01:29:16]} 49. Kh4 {[%clk
00:45:36] [%emt 00:00:07]} 49... Kd5 {[%clk 01:28:52] [%emt 00:00:55]} 50. h3
{[%clk 00:45:59] [%emt 00:00:06]} 50... Ke4 {[%clk 01:29:00] [%emt 00:00:22]}
51. g4 {[%clk 00:45:56] [%emt 00:00:33]} 51... hxg4 {[%clk 01:29:25] [%emt
00:00:06]} 52. hxg4 {[%clk 00:46:18] [%emt 00:00:07]} 52... Kxf4 {[%clk
01:29:51] [%emt 00:00:05]} 53. gxf5 {[%clk 00:46:33] [%emt 00:00:15]} 53...
gxf5 {[%clk 01:30:15] [%emt 00:00:07]} 54. Kh5 {[%clk 00:44:41] [%emt
00:02:22]} 54... Kxe5 {[%clk 01:30:31] [%emt 00:00:15]} 55. Kh4 {[%clk
00:44:43] [%emt 00:00:28]} 55... Kd4 {[%clk 01:30:56] [%emt 00:00:05]} 56. Kg3
{[%clk 00:44:52] [%emt 00:00:21]} 56... Ke3 {[%clk 01:31:21] [%emt 00:00:06]}
57. Kg2 {[%clk 00:44:48] [%emt 00:00:34]} 57... Kd2 {[%clk 01:31:47] [%emt
00:00:04]} 58. Nb3+ {[%clk 00:45:10] [%emt 00:00:14]} 58... Kd1 {[%clk
01:32:13]} 0-1